00413nam a2200121Ia 4500008004100000100002200041245003600063245002400099260000900123856006700132999001900199952007300218160531s9999 xx 000 0 und d aMorrison, John C. aPreterm Birth: Mother and Child cby John C. Morrison c2012 uhttp://www.intechopen.com/books/preterm-birth-mother-and-child c295461d295461 001040aCLbCLd2016-05-31l0r2016-05-31 00:00:00w2016-05-31yCBE